00757cam a2200217 a 450000100100000000500170001000800410002704000230006808200190009110000360011024500480014626000480019430000210024249000200026365000280028365000300031183000270034191000340036895201220040299900150052400000486220200929151524.0720623s1966 mx 000 p spa  aDO-SdBNPcOAUdDLC aM861.42bB715s1 aBonifaz Nuño, Rubén.91409110aSiete de espadas /cRubén Bonifaz Nuño. aMéxico, D. F. :bJoaquín Mortiz,c1966. a143 p. ;c21 cm.1 aLas Dos orillas 4aPoesía mexicana99120 4aLiteratura mexicana91922 0aLas Dos orillas914092 aCatalogación por copia / LC 001052708MOaGRbGRcCTd2009-07-27iLF1l0oM861.42 B715sp4862-10r2020-06-25w2020-06-25y2ZPréstamo interno c4668d4668